| 000 | 00436 a2200157 4500 | ||
|---|---|---|---|
| 001 | 177404 | ||
| 020 | _a | ||
| 040 | _cMagnum | ||
| 100 | _aNoronha, Carlos Henrique Moura Mavignier de | ||
| 240 | 1 | 0 |
_aO espaco mundial: america, oceania e antartida/v.1/7 serie _lpor |
| 245 | 1 | 0 | _aO espaco mundial: america, oceania e antartida/v.1/7 serie |
| 362 | 0 | _a1899 | |
| 440 | 1 | _aDo Brasil | |
| 697 | _aMAGNITO: PARADIDATICO | ||
| 942 | _cBK | ||
| 999 |
_c177404 _d177404 |
||